000
00219 a2200097 4500
001
38261
100
_a
Tariq Awan
245
_a
History of India & Pakistan
260
_a
Lahore
_b
Ferozsons
_c
1994
090
_c
24318
_d
24318
942
_a
NUST-CAE
_c
M
_c
15912
999
_c
273334
_d
273334